000 01298nam2a22002291 4500
001 v19\rc\1219085
005 20250617222749.0
035 _a(NLR Aleph) 004381517
090 _a3632611
_c3632611
100 _a20060306d1875 |||y0rusy50 ca
101 0 _arus
102 _aRU
105 _ay z |||||
200 0 _a... Второе полугодие 1875 г.
210 _d1875
_aБ. м.
215 _a35 с.
461 0 _1001v19\rc\1219083
_12001#$aСпециальные тарифы Грязе-Царицынской железной дороги в прямом сообщении с дорогами I и II групп для контроля сборов и станционной службы...$v... Второе полугодие 1875 г.$90
_93632588
_aГрязе-Царицынская железная дорога
_cСанкт-Петербург
_d1875-1878
_tСпециальные тарифы Грязе-Царицынской железной дороги в прямом сообщении с дорогами I и II групп для контроля сборов и станционной службы...
_v... Второе полугодие 1875 г.$90
801 0 _aRU
_bNLR
_gpsbo
801 1 _aRU
_bProSoft-M
_2rusmarc
852 _aNLR
_j18.109.8.303
942 _cBOOK
980 _aNB